| 000 | 00444 a2200157 4500 | ||
|---|---|---|---|
| 001 | 49838 | ||
| 020 | _a9788575213551 | ||
| 040 | _cAnchieta - Bela Vista | ||
| 100 | _aEditora Caras S.A. | ||
| 240 | 1 | 0 |
_aDo descobrimento aos dias de hoje história do Brasil _lpor |
| 245 | 1 | 0 | _aDo descobrimento aos dias de hoje história do Brasil |
| 300 | _a288 | ||
| 362 | 0 | _a2017 | |
| 650 | 4 | _aEscravidão no Brasil / Quilombos / Abolição | |
| 942 | _cBK | ||
| 999 |
_c49838 _d49838 |
||